Представление документа в формате RUSMARC

ПолеНазваниеЗначение
  Тип записи a
  Библиографический уровень m
001 Контрольный номер UONB/MAIN/527f0c2bfa974ffd95c764e3f405290d
005 Дата корректировки 20260519110706.6
010 Индекс ISBN __
b Уточнения в пер.
d Цена 1 р. 40 к.
9 Тираж 1000 экз.
100 Данные общей обработки __
a Данные общей обработки 20260519d1990 u u0rusy0189 ca
101 Язык документа 0_
a Язык текста rus
102 Страна публикации __
a Страна публикации RU
105 Кодированные данные (монография) __
a Кодированные данные (монография) y z 000yy
200 Заглавие и сведения об ответственности 1_
a Заглавие Ч. 2
f Первые сведения об ответственности А. М. Шорников
210 Выходные данные 1_
d Дата издания 1990
215 Физическое описание __
a Объем 254 с.
461 Уровень набора _0
1 2001
a Очерки истории сельского хозяйства и крестьянства Чувашии
e в 2 частях
f Совет Министров Чувашской АССР, Научно-исследовательский институт языка, литературы, истории и экономики
g ответственный редактор А. М. Шорников
v Ч. 2
1 2101
a Чебоксары
c Чувашское книжное издательство
d 1989-
1 001UONB/MAIN/e208916e07ab4cc194eac452b3ec4672
1 203
a Текст
b визуальный
c непосредственный
1 215
d 21 см
606 Тематические рубрики 0_
a Основная рубрика Сельское хозяйство
y Географическая подрубрика Чувашская АССР
x Основная подрубрика История
606 Тематические рубрики 0_
a Основная рубрика Крестьянство в Чувашской АССР
610 Ключевые слова 0_
a Ключевые слова крестьянство в Чувашской АССР; сельское хозяйство; сельское хозяйство в Чувашской АССР
675 Индекс УДК __
a Индекс УДК 9(С145)
686 Индексы других классификаций __
2 Код системы rubbk
a Классификационный индекс 63.3(2Р351-6Чу)
700 Автор _1
a Фамилия Шорников
b Имя (инициалы) А. М.
g Полное личное имя Анисим Митрофанович
801 Источник записи _0
a Страна RU
b Организация Ульяновская ОНБ
c Дата составления 20260519
g Правила каталогизации RCR
801 Источник записи _1
a Страна RU
b Организация Ульяновская ОНБ
c Дата составления 20260519
g Правила каталогизации RCR
901 Тип документа __
t Тип документа n
w Контрольный № источника UONB/MAIN/e208916e07ab4cc194eac452b3ec4672
909 Создатель записи __
a Создатель записи Горбункова
b Дата создания записи 20260519